Rosario : (Registro nro. 635)
[ vista simple ]
| 000 -LEADER | |
|---|---|
| fixed length control field | 01489nam a22002537a 4500 |
| 003 - CONTROL NUMBER IDENTIFIER | |
| control field | AR-RoUNCS |
| 005 - DATE AND TIME OF LATEST TRANSACTION | |
| control field | 20251003114907.0 |
| 008 - FIXED-LENGTH DATA ELEMENTS--GENERAL INFORMATION | |
| fixed length control field | 251003r2012 ag bed||r||||l00| 0 spa d |
| 020 ## - INTERNATIONAL STANDARD BOOK NUMBER | |
| International Standard Book Number | 978-987-21919-5-5 |
| 040 ## - CATALOGING SOURCE | |
| Original cataloging agency | AR-RoUNCS |
| Transcribing agency | AR-RoUNCS |
| 080 ## - UNIVERSAL DECIMAL CLASSIFICATION NUMBER | |
| Authority record control number or standard number | 352:821.6 |
| 245 00 - TITLE STATEMENT | |
| Title | Rosario : |
| Remainder of title | metrópolis y región. |
| 250 ## - EDITION STATEMENT | |
| Edition statement | 1a ed. |
| 260 ## - PUBLICATION, DISTRIBUTION, ETC. | |
| Place of publication, distribution, etc. | Rosario : |
| Name of publisher, distributor, etc. | Instituto de Desarrollo Regional Rosario, |
| Date of publication, distribution, etc. | 2022. |
| 300 ## - PHYSICAL DESCRIPTION | |
| Extent | 173 p. : |
| Other physical details | il. ; |
| Dimensions | 26 cm. |
| 490 0# - SERIES STATEMENT | |
| Series statement | Ciclo 2022 |
| 505 2# - FORMATTED CONTENTS NOTE | |
| Formatted contents note | Sección 1 : Rosario, cabecera de una región metropolitana, eje vertebrador de la región centro y nodo de comunicaciones del Mercosur -- Sección 2 : Panel I "Rosario metropolitano : comunidad logística del Mercosur" / Juan Antonio Basadonna ; Martin Sgut. Panel II "Perfil competitivo de la región : polo de especializacion agroalimentaria" / Ernesto Liboreiro ; Daniel Costamagna ; Carlos Abalo. Panel III "Nueva institucionalidad para el desarrollo : Agencia Regional de Desarrollo" / Joaquim Teixeira Rivas ; Oscar Madoery. Panel IV "Nuevas instancias de gestión pública regional : Ente de Coordinación Metropolitana" / Antonio María Hernández; Isabel Martínez de San Vicente ; Héctor Floriani ; Gualberto Venesia -- Sección 3 : Estudio de opinión -- Referencias bibliográficas. |
| 650 #4 - SUBJECT ADDED ENTRY--TOPICAL TERM | |
| Topical term or geographic name entry element | ROSARIO |
| 650 #4 - SUBJECT ADDED ENTRY--TOPICAL TERM | |
| Topical term or geographic name entry element | URBANISMO |
| 650 #4 - SUBJECT ADDED ENTRY--TOPICAL TERM | |
| Topical term or geographic name entry element | ECONOMÍA |
| 650 #4 - SUBJECT ADDED ENTRY--TOPICAL TERM | |
| Topical term or geographic name entry element | DESARROLLLO DE LA COMUNIDAD |
| 710 1# - ADDED ENTRY--CORPORATE NAME | |
| Corporate name or jurisdiction name as entry element | Rosario. |
| Subordinate unit | Instituto de Desarrollo Regional. |
| 942 ## - ADDED ENTRY ELEMENTS (KOHA) | |
| Source of classification or shelving scheme | Universal Decimal Classification |
| Koha item type | Obra General |
| Suppress in OPAC | No |
| Withdrawn status | Lost status | Source of classification or shelving scheme | Damaged status | Not for loan | Collection | Home library | Current library | Date acquired | Source of acquisition | Total checkouts | Full call number | Barcode | Date last seen | Price effective from | Koha item type |
|---|---|---|---|---|---|---|---|---|---|---|---|---|---|---|---|
| Universal Decimal Classification | Colección General | Biblioteca Escuela de Ciencias Sociales | Biblioteca Escuela de Ciencias Sociales | 03/10/2025 | Donación 2023 | 352:821.6 R789 | 000066 | 03/10/2025 | 03/10/2025 | Obra General |